| 000 | 00530cam a22001811 4500 | ||
|---|---|---|---|
| 082 | 0 | 0 |
_a551.49 _bTOD _cL-18,P10 |
| 100 | 1 |
_aTodd, David Keith, _94513 |
|
| 245 | 1 | 0 | _aGround water hydrology. |
| 260 |
_aNew York, _bWiley _c[1959] |
||
| 300 |
_a336 p. _billus. _c24 cm. |
||
| 526 |
_a0 _b0 _c0 _d551_490000000000000_TOD |
||
| 526 |
_a0 _b0 _c0 _d551_490000000000000_TOD |
||
| 526 |
_a0 _b0 _c0 _d551_490000000000000_TOD |
||
| 526 |
_a0 _b0 _c0 _d551_490000000000000_TOD |
||
| 650 | 0 | _aGroundwater. | |
| 650 | 0 |
_aMCE _9379 |
|
| 942 |
_2ddc _cBK |
||
| 999 |
_c544581 _d544581 |
||